00281nam a2200121Ia 4500008004100000100001900041245004000060260001700100300000900117650001100126942000700137999001500144190216s9999||||xx |||||||||||||| ||und|| aVenkateswaralu 0aText Book Of Bryophyta For Colleges bMaruti Books a229p aBotany cBK c1207d1207